000 00338nam a2200121Ia 4500
008 250110s9999 xx 000 0 und d
041 _aeng
100 _aBhagwat Shrita
_9182547
245 _aCentre For Mahanubhavpanth At Mahur
260 _bFinal Year B. Arch, BNCA
_c2014
300 _a73p
700 _aGuide Name:Divekar Asmita
_9210220
999 _c363412
_d363412